Statystyki dla Pusta mapa świata bez 20 losowych krajów

Kliknij tutaj aby rozwiązać quiz!

Ogólne statystyki

  • Ten quiz został rozwiązany 98 razy
  • Średni wynik to 14 z 20

Odpowiedzi na mapie

Odpowiedzi skodowane kolorowo w zielono-czerwonej skali na mapie do tego quizu, zgodnie z poniższymi procentami.
 

Statystyki odpowiedzi

kraj% Poprawnych
Afganistan
100%
Algieria
100%
Bułgaria
100%
Chiny
100%
Czechy
100%
Indie
100%
Kanada
100%
Kenia
100%
Łotwa
100%
Mali
100%
Mongolia
100%
Panama
100%
Paragwaj
100%
Peru
100%
Republika Południowej Afryki
100%
Rosja
100%
Stany Zjednoczone
100%
Szwajcaria
100%
Turcja
100%
Ukraina
100%
Węgry
100%
Wielka Brytania
100%
Indonezja
93%
Meksyk
92%
Mozambik
92%
Nepal
92%
Włochy
92%
Białoruś
91%
Kazachstan
91%
Mołdawia
91%
Dem Rep Konga
90%
Etiopia
90%
Niger
90%
Polska
90%
Turkmenistan
90%
Serbia
89%
Australia
88%
Republika Środkowoafrykańska
88%
Gujana
87%
Boliwia
86%
Czad
86%
Francja
86%
Norwegia
86%
Argentyna
85%
Japonia
85%
Mjanma
85%
Portugalia
85%
Rumunia
85%
Angola
83%
Austria
83%
Kolumbia
83%
Tadżykistan
83%
Uganda
83%
Belgia
82%
Kongo
82%
Niemcy
82%
Nigeria
82%
Tajlandia
82%
Togo
82%
Słowacja
81%
Iran
80%
Irlandia
80%
Sudan
80%
Wenezuela
80%
Zimbabwe
80%
Bośnia i Hercegowina
78%
Brazylia
78%
Libia
78%
Pakistan
78%
Burkina Faso
76%
Botswana
75%
Finlandia
75%
Ghana
75%
Gwinea
75%
Irak
75%
Kirgistan
75%
Litwa
75%
Maroko
75%
Sudan Południowy
75%
Szwecja
75%
Zambia
75%
Islandia
73%
Surinam
73%
Chorwacja
71%
Ekwador
71%
Hiszpania
71%
Macedonia Północna
71%
Mauretania
71%
Papua-Nowa Gwinea
71%
Arabia Saudyjska
70%
Laos
70%
Chile
69%
Kamerun
69%
Namibia
69%
Dania
67%
Dominikana
67%
Gwatemala
67%
Korea Północna
67%
Korea Południowa
67%
Sri Lanka
67%
Benin
64%
Kostaryka
64%
Kosowo
63%
Malezja
63%
Tanzania
63%
Wietnam
63%
Nikaragua
62%
Egipt
60%
Grecja
60%
Honduras
60%
Senegal
60%
Bangladesz
59%
Malawi
58%
Côte d'Ivoire
57%
Gwinea Bissau
57%
Sierra Leone
57%
Gabon
50%
Gruzja
50%
Holandia
50%
Kambodża
50%
Oman
50%
Słowenia
50%
Tajwan
50%
Izrael
46%
Liberia
46%
Jordania
45%
Estonia
44%
Filipiny
44%
Uzbekistan
44%
Albania
43%
Armenia
40%
Urugwaj
40%
Syria
39%
Gwinea Równikowa
33%
Jemen
33%
Madagaskar
33%
Kuba
31%
Tunezja
29%
Zjednoczone Emiraty Arabskie
27%
Erytrea
22%
Nowa Zelandia
22%
Somalia
18%
Azerbejdżan
17%
Haiti
11%
Salwador
9%

Rozkład punktacji

Percentyl według liczby udzielonych odpowiedzi

Procent ludzi z każdym wynikiem

Twoja historia wyników

Nie rozwiązałeś tego quizu